000 03105nam a2200325 a 4500
001 000037631
005 20200930080458.0
008 121010s1954 sp a 000 0 spa d
040 _aDO-SdBNP
_bspa
_cBNPHU
082 _a581.9861
_bR288f
111 2 _aReal Expedición Botánica del Nuevo Reino de Granada (1983-1816)
_964094
245 1 0 _aFlora de la Real Expedición Botánica del Nuevo Reyno de Granada (1983-1816) /
_cPublicada bajo los auspicios de los Gobiernos de España y Colombia merced a la colaboración del Instituto de Cooperación Iberoamericana, Instituto Colombiano de Cultura Hispánica, Real Jardín Botanico de Madrid e Instituto de Ciencias Naturales-Museo de Historia Natural de la Universidad Nacional de Colombia.
260 _aMadrid :
_bEdiciones Cultura Hispánica,
_c1954-.
300 _av. :
_bil., ;
_c55 cm.
500 _av.1. contiene trece retratos en color, dos en negro, cuatro icones iluminados y uno en negro,dos facsímiles y dibujos a pluma relacionados con el texto.
500 _aIncluye índice
500 _aTexto en dos columnas
500 _aIncluye referencias bibliográficas y notas al pie de las páginas
505 2 _gv. 1:
_tLa Real Expedición Botánica del Nuevo Reyno de Granada --
_gv. 4, pt.1, pt.2:
_tGramíneas --
_gv. 5, pt.1
_tPalmas y Ciclantaceas --
_gv. 10, pt. 4
_tOrquidáceas --
_gv. 11, pt.5:
_tOrquidáceas --
_gv. 13:
_tPiperáceas --
_gv.19:
_tFanilias Crucíferas. Tovariáceas, Podostemonáceas, Crasuláceas, Hidrangeáceas, Escalloniáceas, Grosulariáceas, Bruneliáceas, Cunoniáceas, Rosáceas, Crisobalanáceas, Connaráceas y Saxifragáceas --
_gv.20, pt.1:
_tFabáceas-Faboideae --
_gv.20, pt.2:
_tCesalpiniáceas --
_gv.23:
_tDicapetaláceas y Euforbiáceas --
_gv.25, pt.2:
_tMalvaceas --
_gv.32:
_tOnagráceas, Araliáceas, Haloragáceas, Clethráceas, Umbelíferas --
_gv.36:
_tConvolvulaceas, Polemoniaceas, Hidrofilaceas y Boraginaceas --
_gv.38, pt.2:
_tSolanáceas 2: Géneros saracha, Schultesianthus, Schwenckia, Sesea, Solanum y Witheringia --
_gv.41:
_tBignoniáceas, Lentibulariáceas, Acantáceas, Plantagináceas, Caprifoliáceas, Valerianáceas --
_gv.46:
_tAsteráceas, Tribu Eupatorieae --
_gv.47:
_tCompuestas, Tribu Astereas --
_gTomo XLVIII:
_tAsteráceas, Tribu Heliantheae --
_gv. 49:
_tAsteráceas, Tribus Liabeae, Tageteae, Senecioneae, Inuleae y Anthemideae --
_gv.50:
_tAsteráceas, Tribus Barnadesieae, Mutisieae, Lactuceae y Anatomías de las compuestas.
611 2 4 _aREAL EXPEDICIÓN BOTÁNICA DEL NUEVO REINO DE GRANADA (1783-1816)
_964095
650 1 4 _aBotánica colombia
_964096
650 1 4 _aIlustración de libros de botánica
_zColombia
_964097
700 1 2 _aMutis, José Celestino,
_d1732-1808
_964098
710 2 _aInstituto de Cultura Hispánica (España)
_964099
710 2 _aInstituto Colombiano de Cultura Hispánica
_964100
710 2 _aInstituto de Cooperación Iberoamericana
_964101
710 2 _aReal Jardín Botanico de Madrid
_964102
710 2 _aInstituto de Ciencias Naturales-Museo de Historia Natural de la Universidad Nacional de Colombia.
_964103
910 _aValidado. Control de calidad MFF
999 _c37121
_d37121